000 00672nam a2200217 4500
001 174959
003 ES-MaACL
005 20240229063325.0
008 100820s1993 sp |||| | spa d
020 _a84-473-0149-4
080 _a821.134.2-31"19"
100 1 _aMarsé, Juan,
_d1933-2020
_977117
245 1 3 _aEl amante bilingüe /
_cJuan Marsé.
260 _aBarcelona :
_bRBA,
_c[1993]
300 _a220 p. ;
_c22 cm.
490 1 _aNarrativa actual. Autores de lengua española ;
_v15
500 _aÍndice.
830 0 _aNarrativa actual. Autores de lengua española ;
_v15
_9189466
852 _aES-MaACL
_jE-13191
999 _c174959
_d174959